000 00392nam a2200145 i 4500
001 bg
245 0 _aZrób sam :
_bvademecum /
_c[aut. Seweryn Bidziński et al.].
260 _aWarszawa :
_bNOT-SIGMA,
_c1986.
490 1 _aEncyklopedia Majsterkowania
830 _aEncyklopedia Majsterkowania
040 _cBPK
041 _apol
942 _cKS
008 s pl f |000 0 pol
999 _c23629
_d23629
856 _uhttp://koha.tu.koszalin.pl/cgi-bin/koha/opac-detail.pl?biblionumber=23629
_yKatalog online BPK